| 000 | 00343nam a22001457a 4500 | ||
|---|---|---|---|
| 008 | 221213b ||||| |||| 00| 0 eng d | ||
| 020 | _a9780697257635 | ||
| 041 | _aeng | ||
| 080 |
_2SIXTH EDITION _a579 |
||
| 082 | _a579 MOR | ||
| 100 | _a13.2 | ||
| 101 | _aMIKROB | ||
| 245 |
_aMICROBIOLOGY IN PATIENT CARE _cMORELLO.A.J |
||
| 942 |
_2udc _cBK |
||
| 999 |
_c59179 _d59179 |
||